00329nam a2200133Ia 4500008004100000100003000041245002400071250001200095260003400107300000800141650002400149942000700173999001500180190216s9999||||xx |||||||||||||| ||und|| aShriver. Df And Atkins.Pw 0aInorganic Chemistry a3rd Ed. bOxford University Pressc1999 a764 aChemistry-Chemistry cBK c2908d2908